000 00494nam a2200157Ia 4500
003 GCL
005 20240530105326.0
008 140319s9999 xx 000 0 ara d
040 _aGCL /
_cGCL
082 0 4 _a347.09
_bع ت
100 0 _aعبدالغنى محمود
245 1 0 _aتسليم المجرمين على اساس المعاملة بالمثل /
_cعبدالغنى محمود
260 _a[S.N] :
_bدار النهضة العربية ،
_c1991
300 _a101 ص
942 _2ddc
_cBK
999 _c54931
_d54931